Famous People by Pictures - T - Statistics

General Stats
  • This quiz has been taken 80 times
  • The average score is 8 of 20
Answer Stats
Picture Answer % Correct
Tom Cruise
94%
Tom Hanks
85%
Tupac Shakur
77%
Taylor Swift
76%
Tina Turner
73%
Tom Holland
65%
Taylor Lautner
48%
Tim Burton
45%
Tonya Harding
44%
Travis Scott
39%
Tyler, The Creator
35%
Trisha Paytas
17%
Tyga
17%
Theo James
15%
Tessa Thompson
14%
Theo
14%
Tom Ellis
10%
Tory Lanez
7%
Troian Bellisario
6%
Taehyun
4%
No matching quizzes found
Score Distribution
Percent of People with Each Score
Percentile by Number Answered
Your Score History
You have not taken this quiz